000 00295nam a22001337a 4500
008 180924b xxu||||| |||| 00| 0 eng d
020 _a9780691088846
041 _aeng
080 _a321
100 _a19
101 _aSHP
245 _aDemocracy and the Foreigner
_cHonig, B
942 _2udc
_cBK
999 _c48354
_d48354